| 000 | 00915nam a2200253Ia 4500 | ||
|---|---|---|---|
| 003 | OSt | ||
| 005 | 20221005112845.0 | ||
| 006 | a|||||r|||| 00| 0 | ||
| 007 | ta | ||
| 008 | 221004b |||||||| |||| 00| 0 pan d | ||
| 020 |
_a8187762608 (hbk) _c450 |
||
| 024 | _a6782 | ||
| 037 |
_b696, 14/06/2013, H.K. Prakashan _cTextual |
||
| 040 |
_aCRL _cCRL _bpan |
||
| 041 |
_2pan _apan |
||
| 082 | _aO153,1:g, P7 | ||
| 100 | _aਪਾਲ, ਬਲਜਿੰਦਰ | ||
| 245 | 0 | _aਪ੍ਰਗਤੀਵਾਦੀ ਪੰਜਾਬੀ ਕਵਿਤਾ ਤਾ ਸੁਹਜ Fਾਸਤਰੀ ਅਧਿਐਨ | |
| 260 |
_aਦਿੱਲੀ _bਐੱਚ ਕੇ ਪ੍ਰਕਾFਨ ਭਾਰਤ _c2007 |
||
| 300 |
_a368ਪੰ _ccm. |
||
| 650 | _aਪੰਜਾਬੀ ਸਾਹਿਤ | ||
| 942 |
_hO153,1:g, P7 _cTEXL _2cc |
||
| 999 |
_c1026203 _d1026203 |
||